La furia del musgo

Spremljeno u:
Bibliografski detalji
Glavni autor: Gei Brealey, Orlando
Format: Knjiga
Jezik:Undetermined
Izdano: San José, Costa Rica Editorial Costa Rica 1995
Teme:
Oznake: Dodaj oznaku
Bez oznaka, Budi prvi tko označuje ovaj zapis!

MARC

LEADER 00000nam a2200000Ia 4500
008 170316s9999 xx 000 0 und d
040 |a cru BVZT 
090 |a 868 G-11f 
100 |a Gei Brealey, Orlando 
245 |a La furia del musgo 
260 |a San José, Costa Rica 
260 |b Editorial Costa Rica 
260 |c 1995 
300 |a 54 páginas 
650 |a LITERATURA COSTARRICENSE 
999 |c 11065  |d 11065 
942 |c 15 D  |h 868 G-11f  |2 z